| 000 | 00338nam a2200133Ia 4500 | ||
|---|---|---|---|
| 008 | 150201s2012 xx 000 0 und d | ||
| 082 |
_a4.16 _bMAR |
||
| 100 | _aMarriwala,N | ||
| 245 | _aMicrocontrollers & embedded system | ||
| 260 |
_bS.K. Kataria & SONS _aN.Delhi _c2012 |
||
| 300 | _a272p. | ||
| 700 | _aKapoor,V.K | ||
| 942 |
_2ddc _cBK _02 |
||
| 999 |
_c5718 _d5718 |
||